Načítá se...

The new organon/

Podrobná bibliografie
Hlavní autor: Francis Bacon
Další autoři: Michael Silverthorne (ed.), Lisa Jardine (ed.)
Médium: Printed Book
Vydáno: Cambridge: Cambridge University Press, 2000.
Témata:
LEADER 00620nam a22001811a 4500
020 |a 9780521564830 
082 |a 160  |b FRA/N 
100 |a Francis Bacon   |9 127878 
245 |a The new organon/  |c by Francis Bacon 
260 |a Cambridge:  |b Cambridge University Press,  |c 2000. 
300 |a 252p. 
650 |a Logic  |9 127879 
650 |a Philosophy  |9 127880 
700 |a Michael Silverthorne (ed.)  |9 127881 
700 |a Lisa Jardine (ed.)  |9 127882 
942 |c BK 
999 |c 31271  |d 31271 
952 |0 0  |1 0  |4 0  |6 160_000000000000000_FRA_N  |7 0  |9 45113  |a SSUS  |b SSUS  |c STACKS  |d 2015-01-08  |g 1049.00  |o 160 FRA/N  |p 028589  |r 2016-12-22  |v 0.00  |w 2015-01-08  |y BK